Operating systems : (Record no. 13409)
[ view plain ]
| 000 -LEADER | |
|---|---|
| fixed length control field | 01329cam a2200313 a 4500 |
| 001 - CONTROL NUMBER | |
| control field | 15536650 |
| 005 - DATE AND TIME OF LATEST TRANSACTION | |
| control field | 20090609085728.0 |
| 008 - FIXED-LENGTH DATA ELEMENTS--GENERAL INFORMATION | |
| fixed length control field | 081126s2010 maua b 001 0 eng |
| 010 ## - LIBRARY OF CONGRESS CONTROL NUMBER | |
| LC control number | 2008051735 |
| 020 ## - INTERNATIONAL STANDARD BOOK NUMBER | |
| International Standard Book Number | 9780070164543 (hard copy : alk. paper) |
| 020 ## - INTERNATIONAL STANDARD BOOK NUMBER | |
| International Standard Book Number | 0070164541 (hard copy : alk. paper) |
| 035 ## - SYSTEM CONTROL NUMBER | |
| System control number | (OCoLC)ocn244059977 |
| 040 ## - CATALOGING SOURCE | |
| Original cataloging agency | DLC |
| Transcribing agency | DLC |
| Modifying agency | BTCTA |
| -- | BAKER |
| -- | C#P |
| -- | BWX |
| -- | YDXCP |
| -- | CDX |
| -- | DLC |
| 050 00 - LIBRARY OF CONGRESS CALL NUMBER | |
| Classification number | QA76.76.O63 |
| Item number | E4865 2010 |
| 082 00 - DEWEY DECIMAL CLASSIFICATION NUMBER | |
| Classification number | 005.43 |
| Edition number | 22 |
| Item number | ELM |
| 100 1# - MAIN ENTRY--PERSONAL NAME | |
| Personal name | Elmasri, Ramez. |
| 9 (RLIN) | 11445 |
| 245 10 - TITLE STATEMENT | |
| Title | Operating systems : |
| Remainder of title | a spiral approach / |
| Statement of responsibility, etc | Ramez Elmasri, A. Gil Carrick, David Levine. |
| 250 ## - EDITION STATEMENT | |
| Remainder of edition statement | International student ed. |
| 260 ## - PUBLICATION, DISTRIBUTION, ETC. (IMPRINT) | |
| Place of publication, distribution, etc | Boston : |
| Name of publisher, distributor, etc | McGraw Hill Higher Education, |
| Date of publication, distribution, etc | c2010. |
| 300 ## - PHYSICAL DESCRIPTION | |
| Extent | xiv, 526 p. : |
| Other physical details | ill. ; |
| Dimensions | 24 cm. |
| 500 ## - GENERAL NOTE | |
| General note | Includes Index. |
| 504 ## - BIBLIOGRAPHY, ETC. NOTE | |
| Bibliography, etc | Includes bibliographical references and index. |
| 650 #0 - SUBJECT ADDED ENTRY--TOPICAL TERM | |
| Topical term or geographic name as entry element | Operating systems (Computers) |
| Form subdivision | Textbooks. |
| 9 (RLIN) | 11446 |
| 700 1# - ADDED ENTRY--PERSONAL NAME | |
| Personal name | Carrick, A. Gil. |
| 9 (RLIN) | 11447 |
| 700 1# - ADDED ENTRY--PERSONAL NAME | |
| Personal name | Levine, David |
| Fuller form of name | (David E.) |
| 9 (RLIN) | 11448 |
| 942 ## - ADDED ENTRY ELEMENTS (KOHA) | |
| Source of classification or shelving scheme | Dewey Decimal Classification |
| Item type | Book - Borrowing |
| Withdrawn status | Item status | Source of classification or shelving scheme | Damaged status | Not for loan | Vendor | Home library | Current library | Shelving location | Date acquired | Source of acquisition | Cost, normal purchase price | Serial Enumeration / chronology | Total Checkouts | Total Renewals | Full call number | Barcode | Date last seen | Date last borrowed | Koha item type |
|---|---|---|---|---|---|---|---|---|---|---|---|---|---|---|---|---|---|---|---|
| Dewey Decimal Classification | Alahram | Central Library | Central Library | Lower Floor | 17/02/2010 | 245.00 | 33 | 1 | 1 | 005.43 ELM | 000019591 | 15/07/2025 | 18/10/2012 | Book - Borrowing |